Statistiken für Alle PDC Premier League Darts Teilnehmer 2017

Klicken Sie hier um das Quiz zu spielen!

Allgemein

  • Dieses Quiz wurde 55 mal gespielt
  • Das Durchschnittsergebnis liegt bei 8 aus 10

Antwortstatistiken

RankingLandDartsspieler% Korrekt
4SchottlandGary Anderson
98%
1NiederlandeMichael van Gerwen
95%
2SchottlandPeter Wright
95%
10BelgienKim Huybrechts
89%
7EnglandJames Wade
86%
6NiederlandeRaymond van Barneveld
86%
3EnglandPhil Taylor
84%
8EnglandAdrian Lewis
80%
5EnglandDave Chisnall
61%
9NiederlandeJelle Klaasen
55%

Verteilung der Resultate

Perzentil nach korrekt beantworteten Fragen

Anzahl Personen mit jedem Resultat

Ihre Resultats-Entwicklung

Sie haben dieses Quiz noch nicht gespielt